| 000 -LEADER |
| fixed length control field |
01148nam a22002417a 4500 |
| 003 - CONTROL NUMBER IDENTIFIER |
| control field |
OkBaRHE |
| 005 - DATE AND TIME OF LATEST TRANSACTION |
| control field |
20180109144520.0 |
| 008 - FIXED-LENGTH DATA ELEMENTS--GENERAL INFORMATION |
| fixed length control field |
180109b xxu||||| |||| 00| 0 eng d |
| 010 ## - LIBRARY OF CONGRESS CONTROL NUMBER |
| LC control number |
BF 575 .A6 C6 |
| 020 ## - INTERNATIONAL STANDARD BOOK NUMBER |
| International Standard Book Number |
0/87801-017-3 |
| 040 ## - CATALOGING SOURCE |
| Transcribing agency |
|
| 100 ## - MAIN ENTRY--PERSONAL NAME |
| Personal name |
Collins, Gary R. |
| 245 ## - TITLE STATEMENT |
| Title |
Overcoming Anxiety |
| 247 ## - FORMER TITLE |
| Title |
A Psychologist looks at life |
| 250 ## - EDITION STATEMENT |
| Edition statement |
Revised Edition |
| 260 ## - PUBLICATION, DISTRIBUTION, ETC. (IMPRINT) |
| Place of publication, distribution, etc |
Santa Ana, CA |
| Name of publisher, distributor, etc |
Vision House Publishers |
| Date of publication, distribution, etc |
1973 |
| 300 ## - PHYSICAL DESCRIPTION |
| Extent |
p159 |
| Dimensions |
18 cm |
| 520 ## - SUMMARY, ETC. |
| Summary, etc |
The 20th Century is an age of anxiety! Little children, parents, businessmen, pastors, college students, senior citizens--at times all of us worry and feel tense as we face the pressures of modern life. In this book the author gives a Christian psychologist's perspective on anxiety and the problems connected with it, problems such a s discouragement, loneliness, inferiority, guilt and busyness. In plain language Dr. Collins discusses the reasons for anxiety and offers practical solutions that can help all of us face the stresses of this modern age. |
| 650 ## - SUBJECT ADDED ENTRY--TOPICAL TERM |
| Topical term or geographic name as entry element |
Psychoanalysis |
| 650 ## - SUBJECT ADDED ENTRY--TOPICAL TERM |
| Topical term or geographic name as entry element |
Emotions |
| 650 ## - SUBJECT ADDED ENTRY--TOPICAL TERM |
| Topical term or geographic name as entry element |
Anxiety |
| 942 ## - ADDED ENTRY ELEMENTS (KOHA) |
| Source of classification or shelving scheme |
|
| Koha item type |
Books |